Residus específics i perillosos
Descripción Física:
[64] p. : il. ; 30 cm
Materias:
Residus perillosos
MARC
| LEADER | 00000nam a2200000Ia 4500 | ||
|---|---|---|---|
| 001 | 24263 | ||
| 003 | BGR | ||
| 005 | 20260324180624.0 | ||
| 008 | 160829s1996 xx 000 0 cat d | ||
| 080 | |a Bib-213 | ||
| 111 | |a Jornades Municipals de Valorització de Residus |9 71319 |c (Barcelona : |d 1995) | ||
| 245 | |a Residus específics i perillosos | ||
| 260 | |a Barcelona : |b Diputació de Barcelona. Servei de Medi Ambient, |c 1996 | ||
| 300 | |a [64] p. : |b il. ; |c 30 cm | ||
| 590 | |a Dossier de les jornades | ||
| 650 | |a Residus perillosos |9 50370 | ||
| 710 | 1 | |a Barcelona (Catalunya : Província). |b Servei de Medi Ambient |9 53475 | |
| 901 | |a Arxiu | ||
| 942 | |n 1 |2 udc |c JC | ||
| 952 | |0 0 |1 0 |4 0 |6 BIB213 |7 1 |9 55993 |a Arxiu |b Arxiu |d 2016-12-01 |l 0 |o Bib-213 |p 24263 |r 2016-12-01 00:00:00 |w 2016-12-01 |y ARXIU | ||
| 999 | |c 59867 |d 59867 | ||